Update the law of the land (Record no. 67086)
[ view plain ]
| 000 -LEADER | |
|---|---|
| fixed length control field | 01575cam a2200313 4500 |
| 001 - CONTROL NUMBER | |
| control field | ABS64046 |
| 008 - FIXED-LENGTH DATA ELEMENTS--GENERAL INFORMATION | |
| fixed length control field | 000000n2001 000 0 eng u |
| 035 ## - SYSTEM CONTROL NUMBER | |
| System control number | (Sirsi) u112694 |
| 100 ## - MAIN ENTRY--PERSONAL NAME | |
| Personal name | Dear, B. |
| 245 ## - TITLE STATEMENT | |
| Title | Update the law of the land |
| 260 ## - PUBLICATION, DISTRIBUTION, ETC. | |
| Date of publication, distribution, etc. | 2001 |
| 490 ## - SERIES STATEMENT | |
| Series statement | Estates Gazette |
| Volume/sequential designation | (0119) 12 May 2001, 131(1) |
| 520 ## - SUMMARY, ETC. | |
| Summary, etc. | Suggests that governments have consistently neglected real estate, and highlights some of the needs of the industry that should be addressed by the next government. Recommends that policy for developing housing on brownfield sites be vigorously pursued, and investments by public-private partnerships courted. Also argues that a reforming statute to streamline landlord and tenant law is needed. Moreover, calls for a simplification of the law of forfeiture, and also easements, covenants and encumbrances. Recommends the seller's pack be abandoned and efforts to streamline conveyancing focused instead on setting up of a national system of electronic searches and e-conveyancing. Finally discusses taxation policy, criticising stamp duty and noting the detrimental effect it has on entrepreneurial and economic growth. |
| 590 ## - LOCAL NOTE (RLIN) | |
| Local note | ABS |
| 650 ## - SUBJECT ADDED ENTRY--TOPICAL TERM | |
| Topical term or geographic name entry element | GOVERNMENT POLICY |
| 650 ## - SUBJECT ADDED ENTRY--TOPICAL TERM | |
| Topical term or geographic name entry element | REAL ESTATE |
| 650 ## - SUBJECT ADDED ENTRY--TOPICAL TERM | |
| Topical term or geographic name entry element | BROWNFIELD DEVELOPMENT |
| 650 ## - SUBJECT ADDED ENTRY--TOPICAL TERM | |
| Topical term or geographic name entry element | LANDLORD AND TENANT LAW |
| 650 ## - SUBJECT ADDED ENTRY--TOPICAL TERM | |
| Topical term or geographic name entry element | FORFEITURE |
| 650 ## - SUBJECT ADDED ENTRY--TOPICAL TERM | |
| Topical term or geographic name entry element | EASEMENTS |
| 650 ## - SUBJECT ADDED ENTRY--TOPICAL TERM | |
| Topical term or geographic name entry element | COVENANTS |
| 650 ## - SUBJECT ADDED ENTRY--TOPICAL TERM | |
| Topical term or geographic name entry element | ENCUMBRANCES |
| 650 ## - SUBJECT ADDED ENTRY--TOPICAL TERM | |
| Topical term or geographic name entry element | SELLER'S PACK |
| 650 ## - SUBJECT ADDED ENTRY--TOPICAL TERM | |
| Topical term or geographic name entry element | TAXATION |
| 650 ## - SUBJECT ADDED ENTRY--TOPICAL TERM | |
| Topical term or geographic name entry element | STAMP DUTY |
| 690 ## - LOCAL SUBJECT ADDED ENTRY--TOPICAL TERM (OCLC, RLIN) | |
| Topical term or geographic name as entry element | PROPERTY |
| 700 ## - ADDED ENTRY--PERSONAL NAME | |
| Personal name | Buroughs, P. |
| 942 ## - ADDED ENTRY ELEMENTS (KOHA) | |
| Suppress in OPAC | 0 |
| Withdrawn status | Lost status | Source of classification or shelving scheme | Damaged status | Not for loan | Home library | Current library | Shelving location | Date acquired | Total Checkouts | Full call number | Barcode | Date last seen | Copy number | Price effective from | Koha item type |
|---|---|---|---|---|---|---|---|---|---|---|---|---|---|---|---|
| Dewey Decimal Classification | London | London | Journal article | 21/05/2001 | ABS64046 | 112694-1001 | 06/08/2019 | 1 | 06/08/2019 | Journal article |